Top 10 Highest Grossing Films of 1962 - Statistics

General Stats
  • This quiz has been taken 9 times
  • The average score is 3 of 10
Answer Stats
# Film $ Grossed % Correct
2 Lawrence of Arabia $44.82M
100%
5 Dr. No $16.07M
75%
1 How the West Was Won $46.50M
50%
3 The Longest Day $39.10M
50%
9 Hatari! $14.00M
0%
4 In Search of the Castaways $21.75M
0%
10 Mutiny on the Bounty $13.68M
0%
7 That Touch of Mink $14.63M
0%
6 The Music Man $14.95M
0%
8 The Wonderful World of the Brothers Grimm $14.17M
0%
No matching quizzes found
Score Distribution
Percent of People with Each Score
Percentile by Number Answered
Your Score History
You have not taken this quiz